000 01257nam0a2200301 4500
001 RU\NLR\b_ik\64009
005 20260406133126.0
010 _a5-87457-142-6
_95000
035 _a(NLR Aleph) 002138478
090 _a2235531
_c2235531
100 _a19950127d1999 |||y0rusy50 ca
101 0 _aeng
102 _aRU
105 _ay |||||||||
200 1 _aSelected detective stories
_fAgatha Christie
_g[Сост-ред. Н. Самуэльян
_gРис. А. Байбаковой]
210 _aМ.
_cМенеджер
_d1999
215 _a272 с.
_cил.
_d16
327 1 _aСодерж.: Рассказы: The mystery of the Spanish chest; The adventure of the cheap flat; The herb of death; The witness for the prosecution; Tape-measure murder; The mystery of the blue jar; The case of the perfect maid; The kidnapped prime minister; Where there's a will; The case of the discontented husband
686 0 _aШ143.21-93рус91
_2rubbk
686 0 _aШ6(4Вл)53-4
_2rubbk
700 1 _4070
_8eng
_7ba
_aChristie
_bA.
_f1890-1976
_gAgatha
_3RU\NLR\AUTH\772007
_9112024
702 1 _aSamuél'jan
_bN. A.
_4220
801 0 _aRU
_bNLR
_c19950127
_gPSBO
801 1 _aRU
_bNLR
_c20011025
852 _aNLR
_jЯ61 Д-1/56
942 _cBOOK
980 _aNB